000
00350nam a2200157Ia 4500
100
_a
Shah/S/ Shah/Vaishali
650
_a
JSP
942
_c
BK
366
_f
20
245
_a
Java server pages: Projects for beginners
260
_b
Shroff Publishers
_c
2008
082
_a
5.133
_b
SHA
300
_a
662
546
_a
ENGLISH
_c
Computers
999
_c
34630
_d
34630